000
00295nam a22001337a 4500
008
180919b xxu||||| |||| 00| 0 eng d
020
_a
0120588153
041
_a
eng
080
_a
575
100
_a
5
101
_a
BIO
245
_a
Bacterial energy transduction
_c
Anthony,Ch
942
_2
udc
_c
BK
999
_c
48091
_d
48091